| 000 | 004720000a22001810004500 | ||
|---|---|---|---|
| 020 | _a0-8499-3133-9 | ||
| 041 | 0 | _aENG | |
| 082 | 0 | 4 | _aG 649.1 L7769r |
| 100 | 1 | _aLittauer, Florence (1928-) | |
| 245 | 1 | 0 | _aRaising christian - Not just children / Florence Littauer |
| 260 | _aDallas, USA : Word | ||
| 300 | _a307 Pag | ||
| 001 | 10518 | ||
| 942 | _cBK | ||
| 999 |
_c40063 _d40063 |
||
| 336 |
_atexto _btxt _2rdacontent |
||
| 337 |
_2rdamedia _asin mediación _bn |
||
| 338 |
_2rdacarrier _avolumen _bnc |
||